| 000 | 00443pab a2200169 454500 | ||
|---|---|---|---|
| 008 | 180718b2012 xxu||||| |||| 00| 0 eng d | ||
| 100 | _aMishra, Dinesh Kumar | ||
| 245 | _aRiver interlinking: Resuscitating a failed idea: Notes from Bihar | ||
| 260 | _c2012 | ||
| 300 | _ap.48-51. | ||
| 362 | _a21 Apr | ||
| 650 | _aRivers - India - Bihar | ||
| 650 | _aRivers | ||
| 773 | _aEconomic and Political Weekly | ||
| 908 | _aN | ||
| 909 | _a95714 | ||
| 999 |
_c95714 _d95714 |
||